| 000 | 00000nam 2200000zi 4500 |
| 001 | 9.867664 |
| 003 | CaOODSP |
| 005 | 20241203113645 |
| 006 | m o d f |
| 007 | cr nn||||||||| |
| 008 | 190128s1986 onc ob f000 0 eng d |
| 040 | |aCaOODSP|beng|erda|cCaOODSP |
| 041 | |aeng|bfre |
| 043 | |an-cn--- |
| 086 | 1 |aEn13-5/86-94E-PDF |
| 100 | 1 |aLee, H. B., |eauthor. |
| 245 | 10|aDredging quality control study no. 4 (DQC-4) : |banalysis of PCBs and toxic trace metals in dry sediment reference materials / |cby H.B. Lee, J.A. Abbott and A.S.Y. Chau. |
| 264 | 1|aBurlington, Ontario : |bAnalytical Methods Division, National Water Research Institute, Canada Centre for Inland Waters, |c1986. |
| 300 | |a1 online resource (21 pages). |
| 336 | |atext|btxt|2rdacontent |
| 337 | |acomputer|bc|2rdamedia |
| 338 | |aonline resource|bcr|2rdacarrier |
| 490 | 1 |aNWRI contribution ; |v86-94 |
| 500 | |aCover title. |
| 500 | |a"Control no. AM312." |
| 500 | |a"April 1986." |
| 500 | |aDigitized edition from print [produced by Environment and Climate Change Canada]. |
| 504 | |aIncludes bibliographical references (page 12). |
| 520 | |a"Quality Assurance and Methods Section was requested by EPS-OR and PWC-Toronto to set up a quality control study to evaluate the analytical capability and performance of contract and government laboratories for PCB and trace metal analysis; In Study DQC-4, 14 laboratories in Ontario, Quebec, British Columbia and Nova Scotia participated. This report compiles, evaluates and interprets the data collected for PCBs and eight trace metals. The performance of each laboratory was statistically assessed for each parameter and the results are to be used as one of the criteria in the selection of contract laboratories"--Executive summary. |
| 546 | |aIncludes executive summary in French. |
| 693 | 4|aContaminated sediments--Analysis |
| 693 | 4|aPolychlorinated biphenyls--Analysis |
| 693 | 4|aHeavy metals--Analysis |
| 700 | 1 |aAbbott, J. A., |eauthor. |
| 700 | 1 |aChau, A. S. Y. |q(Alfred Shun-Yuen), |d1941- |eauthor. |
| 710 | 1 |aCanada. |bEnvironment Canada. |
| 710 | 2 |aNational Water Research Institute (Canada). |bAnalytical Methods Division. |
| 830 | #0|aNWRI contribution ;|v86-94.|w(CaOODSP)9.844121 |
| 856 | 40|qPDF|s2.12 MB|uhttps://publications.gc.ca/collections/collection_2019/eccc/En13-5-86-94-eng.pdf |